00706nam a2200181 i 450000100060000000300090000600500170001500700030003200800410003510000340007624500680011026000560017830000300023450001090026450000580037371100690043185200240050062081ES-MaACL20251105063132.0t|031117s1926 fr ||||1| fre d1 aFaura i Sans, M., d1883-194113aLa carte géologique de la Catalogne / cMariano Faura y Sans. aLiege : b[s.n., c1926] (fImp. Vaillant-Carmanne) a4 h. : bplan. ; c27 cm. aEs tirada aparte del Compte Rendu du XIIIe Congrès géologique international 1922, págs. 1533-1538. aPrecede al tit.: Congrès Gölogique International.2 aCongrès Géologique International (n13. d1922. cBruxelles) aES-MaACLj1709-F-15